[Event "Ruhrgebiet Verbandsklasse Gruppe 2 1516"]
[Site "Germany"]
[Date "2016.02.21"]
[Round "7.4"]
[White "Busch, Udo"]
[Black "Gerlach, Felix Tobias"]
[Result "0-1"]
[WhiteElo "1750"]
[BlackElo "1775"]
[PlyCount "78"]
[EventDate "2015.09.06"]
[EventType "team-tourn"]
[EventRounds "9"]
[EventCountry "GER"]
[SourceTitle "EXT 2022"]
[Source "ChessBase"]
[SourceDate "2021.10.06"]
[SourceVersion "1"]
[SourceVersionDate "2021.10.06"]
[SourceQuality "1"]
[WhiteTeam "Gladbeck SG II"]
[BlackTeam "Recklinghausen Laeufer Ost"]
[WhiteTeamCountry "GER"]
[BlackTeamCountry "GER"]

1. d4 Nf6 2. c4 g6 3. Nc3 Bg7 4. e3 0-0 5. Bd3 d6 6. Nge2 Nc6 7. a3 e5 8. 0-0 Re8 9. d5 Ne7 10. e4 a5 11. Rb1 Nd7 12. Be3 f5 13. f3 f4 14. Bf2 g5 15. b4 axb4 16. axb4 b6 17. c5 bxc5 18. bxc5 Ng6 19. Nb5 Bf8 20. cxd6 Bxd6 21. Nxd6 cxd6 22. Bb5 g4 23. Bc6 Ra2 24. fxg4 Rf8 25. Nc3 Rxf2 26. Rxf2 Nf6 27. h3 h5 28. g5 Nh7 29. Qxh5 Qxg5 30. Qxg5 Nxg5 31. Kh2 f3 32. Rb8 Nf4 33. h4 fxg2 34. Rxf4 exf4 35. Rb2 f3 36. hxg5 f2 37. Rxf2 Rxf2 38. Bb5 Bg4 39. e5 Bf3 0-1

[Event "Ruhrgebiet Verbandsklasse Gruppe 2 1516"]
[Site "Germany"]
[Date "2015.09.06"]
[Round "1.4"]
[White "Knudsen, Simon"]
[Black "Busch, Udo"]
[Result "1-0"]
[WhiteElo "1829"]
[BlackElo "1765"]
[PlyCount "63"]
[EventDate "2015.09.06"]
[EventType "team-tourn"]
[EventRounds "9"]
[EventCountry "GER"]
[SourceTitle "EXT 2022"]
[Source "ChessBase"]
[SourceDate "2021.10.06"]
[SourceVersion "1"]
[SourceVersionDate "2021.10.06"]
[SourceQuality "1"]
[WhiteTeam "Horst Emscher II"]
[BlackTeam "Gladbeck SG II"]
[WhiteTeamCountry "GER"]
[BlackTeamCountry "GER"]

1. e4 c5 2. Nf3 Nc6 3. d4 cxd4 4. Nxd4 e6 5. Nc3 a6 6. Be3 Qc7 7. Qf3 Nf6 8. 0-0-0 Bb4 9. Nxc6 Qxc6 10. Bd4 Bxc3 11. Bxc3 Qxe4 12. Qxe4 Nxe4 13. Bxg7 Rg8 14. Bd4 f5 15. f3 Ng5 16. Be2 d6 17. Bf6 Nf7 18. g4 Rg6 19. g5 Nxg5 20. Bxg5 Rxg5 21. Rxd6 Ke7 22. f4 Rg2 23. Bf3 Rf2 24. Rd3 Rb8 25. Rg1 Kf6 26. Rg8 Kf7 27. Rh8 Kg7 28. Rhd8 Rxh2 29. Rc3 Rf2 30. Kd1 b5 31. Ke1 Rxf3 32. Rxf3 1-0